Statistics for Countries Ending with another Country's Beginning Letters

Click here to take the quiz!

General Stats

  • This quiz has been taken 1,357 times
    (274 since last reset)
  • The average score is 35 of 71

Answer Stats

Country% Correct
AND
76%
Andorra
74%
United Kingdom
72%
DOM
70%
Dominican Republic
70%
Dominica
69%
TAN
69%
Afghanistan
66%
Tanzania
66%
Pakistan
65%
Poland
65%
Finland
63%
Kyrgyzstan
63%
Tajikistan
63%
Turkmenistan
63%
Uzbekistan
63%
GUA
62%
Iceland
62%
Ireland
62%
Kazakhstan
62%
Guatemala
60%
NICA
60%
Nicaragua
60%
MALA
58%
Thailand
55%
DEN
54%
Denmark
54%
GER
54%
Germany
54%
Republic of the Congo
54%
Malaysia
53%
Niger
53%
PAN
53%
RUS
53%
Panama
52%
Russia
52%
Japan
51%
Switzerland
51%
Sweden
49%
Belarus
48%
New Zealand
48%
Malawi
46%
REPUBLIC
46%
GUINEA
44%
Guinea-Bissau
44%
Papua New Guinea
44%
SAU
42%
Bhutan
39%
NAM
39%
Namibia
39%
Saudi Arabia
39%
MAR
38%
Nepal
37%
PAL
37%
Vietnam
37%
Central African Republic
36%
Palau
36%
Czech Republic
35%
Equatorial Guinea
34%
URU
33%
Uruguay
33%
Nauru
30%
Myanmar
26%
MOR
25%
Cyprus
24%
Morocco
24%
Marshall Islands
23%
East Timor
19%
LES
17%
Lesotho
17%
Seychelles
15%

Score Distribution

Percentile by Number Answered

Percent of People with Each Score

Your Score History

You have not taken this quiz since the last reset